Moderní management v teorii a praxi

Saved in:
Bibliographic Details
Main Authors: Vodáček, Leo (Author), Vodáčková, Oľga (Author)
Format: Book
Language:Czech
Published: Praha : Management Press, 2009
Edition:2. rozšíř. vyd.
Subjects:
Online Access:OBSAH
Tags: Add Tag
No Tags, Be the first to tag this record!

MARC

LEADER 00000nam a22000003a 4500
001 stu196292
005 20150617230024.4
008 091126s2009----xr------------------cze-d
020 |a 978-80-7261-197-3 
040 |a STU  |b slo 
041 0 |a cze 
044 |a xr 
080 |a 005.72 
080 |a 005.32 
080 |a 658 
100 1 |a Vodáček, Leo  |4 aut 
245 1 |a Moderní management v teorii a praxi 
250 |a 2. rozšíř. vyd. 
260 |a Praha :  |b Management Press,  |c 2009 
300 |a 324 s 
650 7 |a manažment  |2 stusub 
650 7 |a organizačné chovanie  |2 stusub 
700 1 |a Vodáčková, Oľga  |4 aut 
856 4 |a https://sweb.mtf.stuba.sk/obsahy/moderni_management_v_teorii_a_praxi_09.pdf  |u https://sweb.mtf.stuba.sk/obsahy/moderni_management_v_teorii_a_praxi_09.pdf  |3 OBSAH 
996 |b 284J037480  |c J*112785  |l JJSK  |s A  |a 24  |w stu196292_0001 
996 |b 284M071698  |c M*12603-1  |l MMKN  |s A  |a 24  |w stu196292_0002